000 00584nam a2200205Ia 4500
003 GCL
008 140319s9999 xx 000 0 ara d
040 _aGCL /
_cGCL
082 0 4 _a400.1
_bك ت
100 1 _aكمال بشير
245 1 0 _aالتفكير اللغوى بين القديم والجديد /
_cكمال بشير
260 _a[S.N] :
_bدار الثقافة العربية ،
_c1991
300 _a273 ص
490 _a
650 0 4 _aتاريخ
650 0 4 _aالاشتقاق
650 0 4 _aاللغات
650 0 4 _aاللغة العربية
942 _2ddc
_cBK
999 _c54526
_d54526